| 000 | 00358nam a2200133Ia 4500 | ||
|---|---|---|---|
| 008 | 220204s9999 xx 000 0 und d | ||
| 020 | _a007044501X | ||
| 082 |
_a658.15 _bCHA |
||
| 100 | _aChandra, Prasanna | ||
| 245 | 0 | _aFinancial management : Theory and practice | |
| 250 | _aEd.5 | ||
| 260 |
_aNew Delhi _bTata McGraw-Hill Publishiing _c2001 |
||
| 942 | _cBK | ||
| 999 |
_c41865 _d41865 |
||